000 00296nam a22001337a 4500
008 260407b ||||| |||| 00| 0 eng d
020 _a9789994358038
041 _aShqip
080 _a2.1
100 _a08
101 _aZoonozat
245 _aZoonozat
_cKristaq P . Bërxholi
942 _2udc
_cBK
999 _c60962
_d60962